| Tag |
First Indicator |
Second Indicator |
Subfields |
| LEADER |
00000cam a2200000 4500 |
| 001 |
in00000043773 |
| 005 |
20151007075013.0 |
| 008 |
800612s1913 gw a b 00010 ger c |
| 010 |
|
|
|a agr13000578
|
| 035 |
|
|
|a (OCoLC)06414997
|
| 035 |
|
|
|9 AAF2471AM
|
| 040 |
|
|
|a U.S. Dept. of agr. Library
|c TXA
|d UtOrBLW
|
| 049 |
|
|
|a TXAM
|c [187545]
|
| 090 |
|
|
|a SB931
|b .E83 1913
|
| 092 |
|
|
|a 595.7
|b E74a
|
| 100 |
1 |
|
|a Escherich, Karl.
|
| 245 |
1 |
4 |
|a Die angewandte entomologie in den Vereinigten Staaten. :
|b Eine einfuhrung in die biologische bekampfungsmethode. Zugleich mit vorschlagen zu einer reform der entomologie in Deutschland /
|c Von K. Escherich ...
|
| 264 |
|
1 |
|a Berlin :
|b P. Parey,
|c 1913.
|
| 300 |
|
|
|a viii, 196 pages :
|b illustrations ;
|c 26 cm.
|
| 336 |
|
|
|a text
|b txt
|2 rdacontent
|
| 337 |
|
|
|a unmediated
|b n
|2 rdamedia
|
| 338 |
|
|
|a volume
|b nc
|2 rdacarrier
|
| 504 |
|
|
|a "Verzeichnis der wichtigsten veroffentlichungen des Bureaus of entomology": pages [173]-186.
|
| 504 |
|
|
|a "Verzeichnis der wichtigsten schriften leaves O. Howards ...": pages 186-189.
|
| 651 |
|
0 |
|a United States
|x Entomology.
|
| 999 |
|
|
|a MARS
|
| 999 |
f |
f |
|s b47c9956-f7f2-3f7c-b380-26344607cc70
|i 1b95121f-ad7b-33f0-8f6f-fc5ae194307a
|t 0
|
| 952 |
f |
f |
|p ric
|a Texas A&M University
|b Rellis Campus
|c Joint Library Facility
|d Remote Storage
|t 0
|e SB931 .E83 1913
|h Library of Congress classification
|i unmediated -- volume
|m A14801012502
|
| 998 |
f |
f |
|a SB931 .E83 1913
|t 0
|l Remote Storage
|